Guide to Modeling and Simulation of Systems of Systems (رقم التسجيلة. 33107)

تفاصيل مارك
000 -الفاتح
حقل البيانات ثابتة الطول 01271cam a22003372 b4500
001 - رقم الضبط
رقم الضبط 10189754
003 - محدد رقم الضبط
رقم الضبط OSt
005 - وقت وتاريخ اخر تعامل مع التسجيلة
رقم الضبط 20150408114202.0
006 - عناصر البيانات ثابتة الطول - خصائص المادة الاضافية-معلومات عامة
حقل البيانات ثابتة الطول m d
007 - الحقل الثابت للوصف المادى- معلومات عامة
حقل البيانات ثابتة الطول cr n
008 - عناصر البيانات ثابتة الطول - معلومات عامة
حقل البيانات ثابتة الطول 120726e20121023njua s|||||||| 2|eng|d
020 ## - الرقم الدولى المعيارى للكتب
الرقم الدولى المعيارى للكتاب 9781447145691
020 ## - الرقم الدولى المعيارى للكتب
الرقم الدولى المعيارى للكتاب 1447145690 (Trade Paper)
شروط الاتاحة USD 39.95 Retail Price (Publisher)
024 3# - معرف معيارى اخر
الرقم او الرمز المعيارى 9781447145691
035 ## - رقم ضبط النظام
رقم ضبط النظام (WaSeSS)ssj0000791415
037 ## - مصدر التزويد
رقم المخزون 1447145690
مصدر رقم المخزون/ التزويد 00024965
040 ## - مصدر الفهرسة
وكالة الفهرسة الأصلية BIP US
وكالة التعديل WaSeSS
050 #4 - رقم طلب مكتبة الكونجرس
رقم التصنيف QA76.9.S88
082 00 - رقم تصنيف ديوى العشرى
رقم التصنيف 003.3
رقم الطبعة 23
رقم المادة ZBG
100 1# - المدخل الرئيسى - إسم شخصى
الإسم الشخصى Zeigler, Bernard P.
الدور Author
9 (RLIN) 41986
210 10 - العنوان المختصر
العنوان المختصر Guide to Modeling and Simulation of Systems of Systems
245 10 - بيان العنوان
العنوان Guide to Modeling and Simulation of Systems of Systems
الوسيط [electronic resource]:
بقية العنوان User's Reference
260 ## - PUBLICATION, DISTRIBUTION, ETC. (IMPRINT)
مكان الناشر او الموزع New York :
اسم الناشر او الموزع Springer
تاريخ النشر أو التوزيع Oct. 2012
440 #0 - بيان السلسلة/مدخل إضافى-العنوان
العنوان SpringerBriefs in Computer Science Ser.
9 (RLIN) 41823
506 ## - تبصرة قيود الاتاحة
قيود الإتاحة License restrictions may limit access.
521 ## - تبصرة الجمهور المستهدف
تبصرة الجمهور المستهدف Scholarly & Professional
المصدر Springer
773 #0 - مدخل المادة المضيفة
العنوان SpringerLink ebooks - Computer Science (2013)
856 40 - الوصول و الموقع الالكترونى
معرف المصدر الموحد <a href="http://www.columbia.edu/cgi-bin/cul/resolve?clio10189754">http://www.columbia.edu/cgi-bin/cul/resolve?clio10189754</a>
تبصرة عامة Full text available from SpringerLink ebooks - Computer Science (2013)
910 ## - بيانات اختيارية للمستخدم
User-option data Bowker Global Books in Print record
942 ## - عناصر المدخل الإضافي( كوها)
مصدر التصنيف او مخطط الترفيف Dewey Decimal Classification
Koha [default] item type DVD
المقتنيات
حالة الفقد نموذج السعر الفعال حالة تلف ليس للاعارة رقم الطلب تاريخ الاكتساب الموقع الحالي الفرع الرئيسي Date last seen نوع المادة فى نظام كوها مصدر التصنيف او خطة الترفيف Total Checkouts
  2014-01-09     003.3 ZBG 2014-01-09 المكتبة المركزية بالمجمعة (CL) المكتبة المركزية بالمجمعة (CL) 2014-01-09 كتاب Dewey Decimal Classification